| 000 | 00895nam a22002897a 4500 | ||
|---|---|---|---|
| 001 | 5570 | ||
| 003 | FISKH | ||
| 005 | 20241218111138.0 | ||
| 008 | 241218b cb ||||| |||| 00| 0 eng d | ||
| 020 | _a9780590458016 | ||
| 040 |
_aFISKH _beng _cFISKH _dFISKH |
||
| 050 | _a464 | ||
| 082 | _aPZ8.G22 | ||
| 100 | _aGave, Marc | ||
| 245 |
_aMonkey see, monkey do / _cby Marc Gave ; Illustrated by Jacqueline Roger Scholastic Reader Level-1 |
||
| 260 |
_aNew York : _bScholastic, _c1993. |
||
| 300 |
_a30 unnumbered pages : _bcolor illustrations ; _c23 cm |
||
| 490 |
_aScholastic Reader _vLevel 1 |
||
| 505 | _aD | ||
| 520 | _aRhyming text relates the antics of monkeys that play all day. | ||
| 521 | 8 |
_a160
_bLexile |
|
| 521 | 8 |
_aD
_bRaz-Plus |
|
| 650 |
_aAnimals _vPicture Book |
||
| 700 |
_aRogers, jacqueline _eillustrator |
||
| 942 |
_2ddc _cBK _n0 |
||
| 999 |
_c5570 _d5570 |
||